[Event "DEM U10 2011"]
[Site "Oberhof GER"]
[Date "2011.06.15"]
[Round "6"]
[White "Baberz, Alexander"]
[Black "Gungl, Theo"]
[Result "1-0"]
[Termination "normal"]
[Board "1"]
[WhiteElo "1854"]
[BlackElo "1736"]
[PlyCount "129"]
[WhiteFideId "12921734"]
[BlackFideId "24695653"]
[EventCountry "GER"]
[EventRounds "11"]
[EventType "swiss"]
[EventDate "2011.06.11"]

1. d4 d5 2. Nf3 Nf6 3. c4 c6 4. Nc3 e6 5. Bg5 Nbd7 6. e3 Be7 7. Rc1 O-O 8. Bd3
dxc4 9. Bxc4 b5 10. Bd3 Bb7 11. O-O Rc8 12. e4 h6 13. Be3 a6 14. Bb1 Re8 15.
Qd3 Nf8 16. e5 N6d7 17. Ne4 Nb6 18. Nc5 Bxc5 19. dxc5 Qxd3 20. Bxd3 Nd5 21. Bd2
b4 22. a3 a5 23. axb4 axb4 24. Bc4 Rb8 25. Ne1 Ng6 26. Nd3 Ra8 27. Ra1 Red8 28.
f4 Rxa1 29. Rxa1 Ra8 30. Rxa8+ Bxa8 31. g3 Bb7 32. Nxb4 Nge7 33. Kf2 Nxb4 34.
Bxb4 Nd5 35. Bd2 Kf8 36. Kf3 Ke7 37. g4 Bc8 38. h4 Kd8 39. Ke4 g6 40. h5 gxh5
41. gxh5 f5+ 42. exf6 Nxf6+ 43. Ke5 Ke7 44. Be2 Nd7+ 45. Kd4 Kf6 46. Bf3 Nb8
47. Be4 Bd7 48. Be1 Be8 49. Bh4+ Kg7 50. Bf3 Na6 51. Be7 Nc7 52. Ke5 Kf7 53.
Bd6 Nb5 54. Be4 Bd7 55. Bg6+ Kg7 56. f5 exf5 57. Bxf5 Bxf5 58. Kxf5 Nd4+ 59.
Ke5 Nc2 60. Ke6 Nb4 61. Be5+ Kf8 62. Bc3 Nd3 63. Kd6 Kf7 64. Kxc6 Ke6 65. b4
1-0

[Event "DEM U10 2011"]
[Site "Oberhof GER"]
[Date "2011.06.15"]
[Round "6"]
[White "Renger, Niklas"]
[Black "Sahki, Saphir"]
[Result "1/2-1/2"]
[Termination "normal"]
[Board "2"]
[WhiteElo "1452"]
[BlackElo "1597"]
[PlyCount "93"]
[WhiteFideId "12908096"]
[BlackFideId "26028450"]
[EventCountry "GER"]
[EventRounds "11"]
[EventType "swiss"]
[EventDate "2011.06.11"]

1. e4 c5 2. Nf3 Nc6 3. d4 cxd4 4. Nxd4 d6 5. Nc3 Nf6 6. Bg5 Nd7 7. Qd2 a6 8.
O-O-O Nb6 9. Be3 Bd7 10. f3 Ne5 11. Kb1 Nbc4 12. Qf2 Nxe3 13. Qxe3 g6 14. g4
Bg7 15. h4 O-O 16. Be2 Rc8 17. Rdg1 Nc4 18. Bxc4 Rxc4 19. Nce2 Qb6 20. c3 Rfc8
21. Rd1 Qa7 22. Nf5 Qxe3 23. Nxe3 R4c6 24. Nd4 Bxd4 25. Rxd4 Be6 26. Nd5 Bxd5
27. Rxd5 Rb6 28. Kc2 Rc5 29. Rxc5 dxc5 30. Rd1 Rd6 31. Rd5 b6 32. Kd3 b5 33. b4
c4+ 34. Kd4 Rf6 35. Ke3 Kg7 36. e5 Re6 37. f4 f6 38. Ke4 Kf7 39. g5 fxg5 40.
hxg5 Kg7 41. f5 gxf5+ 42. Kxf5 Rg6 43. Rd7 Kf7 44. a3 Re6 45. Rd8 Rc6 46. Rh8
Kg7 47. Re8 1/2-1/2

[Event "DEM U10 2011"]
[Site "Oberhof GER"]
[Date "2011.06.15"]
[Round "6"]
[White "Schmidek, Emil"]
[Black "Savchenko, Daniel"]
[Result "1-0"]
[Termination "normal"]
[Board "3"]
[WhiteElo "1719"]
[BlackElo "1411"]
[PlyCount "129"]
[WhiteFideId "12908150"]
[BlackFideId "12919195"]
[EventCountry "GER"]
[EventRounds "11"]
[EventType "swiss"]
[EventDate "2011.06.11"]

1. e4 e5 2. Nf3 Nf6 3. Nxe5 d6 4. Nxf7 Kxf7 5. d4 Nc6 6. Nc3 Ne7 7. Bc4+ Be6 8.
Bxe6+ Kxe6 9. O-O Kf7 10. f4 Ke8 11. Qf3 c6 12. Be3 Qd7 13. h3 Kd8 14. e5 Nfd5
15. Bf2 Nxc3 16. bxc3 d5 17. Bh4 Kc7 18. f5 b6 19. Rab1 Nc8 20. g4 Kb7 21. Rfe1
Be7 22. Bg3 Rf8 23. Qd3 h6 24. Kg2 Qd8 25. Re2 Bh4 26. Bf4 Ne7 27. Bh2 Ng8 28.
Rb3 Qg5 29. Rb1 Ne7 30. Rf1 Ng8 31. Bf4 Qd8 32. Bc1 b5 33. Ba3 Qa5 34. Bxf8
Rxf8 35. Ra1 Qd8 36. a4 Qb6 37. Rb1 a6 38. axb5 cxb5 39. Rd2 Rc8 40. Rdd1 Ne7
41. Rf1 Ng8 42. Qf3 Qc6 43. Rb3 Ka7 44. Ra1 Rb8 45. Rba3 Rb6 46. Qd3 Be7 47.
Rb3 Bh4 48. Qf3 b4 49. Qd3 Be7 50. Kg3 Qc8 51. Kh2 Rc6 52. Ra5 Qd8 53. Ra2 bxc3
54. Rxc3 Qb6 55. Rxc6 Qxc6 56. Qb3 Bd8 57. Rb2 Bb6 58. c3 Qc7 59. Qxd5 Nf6 60.
Qb3 Ne4 61. Rc2 Ba5 62. c4 Qd8 63. Qe3 Ng5 64. d5+ Ka8 65. d6 1-0

[Event "DEM U10 2011"]
[Site "Oberhof GER"]
[Date "2011.06.15"]
[Round "6"]
[White "Buckels, Valentin"]
[Black "Reimers, Kim"]
[Result "1-0"]
[Termination "normal"]
[Board "4"]
[WhiteElo "1475"]
[BlackElo "1386"]
[PlyCount "91"]
[WhiteFideId "12942766"]
[BlackFideId "12930377"]
[EventCountry "GER"]
[EventRounds "11"]
[EventType "swiss"]
[EventDate "2011.06.11"]

1. d4 d5 2. c4 e6 3. Nc3 Nf6 4. Nf3 Nbd7 5. Bg5 c6 6. e3 Qa5 7. a3 Ne4 8. Qc2
Bb4 9. Rc1 Bxc3+ 10. bxc3 Qxa3 11. cxd5 cxd5 12. Bd3 Nxg5 13. Nxg5 h6 14. Nf3
O-O 15. O-O a6 16. Ra1 Qd6 17. e4 b5 18. Bxb5 Bb7 19. e5 Qe7 20. Bd3 Rfc8 21.
Rfb1 Ra7 22. Ra4 Nb8 23. Rb6 Qc7 24. Rb3 a5 25. Qb2 Nd7 26. h3 Nb8 27. c4 Bc6
28. Raa3 a4 29. Rc3 Rb7 30. Qc1 Rb3 31. Raxb3 axb3 32. cxd5 exd5 33. Rxb3 Qd7
34. Qb2 Qc7 35. Bf5 Rd8 36. Rc3 g6 37. Bd3 Qa5 38. Qc1 Rc8 39. Rc5 Qa4 40. Qxh6
Qd1+ 41. Bf1 Nd7 42. Rc1 Qa4 43. e6 Nf8 44. exf7+ Kxf7 45. Ne5+ Kf6 46. Rxc6+
1-0

[Event "DEM U10 2011"]
[Site "Oberhof GER"]
[Date "2011.06.15"]
[Round "6"]
[White "Martin, Julian"]
[Black "Mantel, Ruben"]
[Result "1-0"]
[Termination "normal"]
[Board "5"]
[WhiteElo "1321"]
[BlackElo "1437"]
[PlyCount "29"]
[WhiteFideId "12941000"]
[BlackFideId "12930121"]
[EventCountry "GER"]
[EventRounds "11"]
[EventType "swiss"]
[EventDate "2011.06.11"]

1. e4 e6 2. d4 d5 3. Nd2 dxe4 4. Nxe4 Nd7 5. Nf3 Ngf6 6. Bd3 Be7 7. O-O O-O 8.
c3 b6 9. Re1 Bb7 10. Ng3 c5 11. Ne5 Nxe5 12. dxe5 Qd5 13. f3 Rfd8 14. exf6 Bxf6
15. Bc2 1-0

[Event "DEM U10 2011"]
[Site "Oberhof GER"]
[Date "2011.06.15"]
[Round "6"]
[White "Wierzbicki, Jirawat"]
[Black "Zienert, Richard"]
[Result "1-0"]
[Termination "normal"]
[Board "6"]
[WhiteElo "1405"]
[BlackElo "1374"]
[PlyCount "113"]
[WhiteFideId "1153579"]
[BlackFideId "12945986"]
[EventCountry "GER"]
[EventRounds "11"]
[EventType "swiss"]
[EventDate "2011.06.11"]

1. e4 c5 2. Nf3 e6 3. d4 cxd4 4. Nxd4 a6 5. Bd3 Nc6 6. Nb3 Nf6 7. O-O Be7 8.
Bd2 O-O 9. Nc3 b5 10. a3 Bb7 11. f4 d6 12. Qf3 Qc7 13. f5 exf5 14. Qxf5 Ne5 15.
Kh1 Nxd3 16. cxd3 a5 17. Rac1 Qd7 18. Qxd7 Nxd7 19. Ne2 a4 20. Nbd4 Nc5 21. Rc3
Bf6 22. Be3 Rac8 23. Rfc1 Nb3 24. Rxc8 Rxc8 25. Rxc8+ Bxc8 26. Nxb3 axb3 27.
Nd4 Bd7 28. Kg1 Kf8 29. Kf1 Be5 30. g3 Ke7 31. Ke2 Kd8 32. Kd2 Kc7 33. Kc1 Kb7
34. Nxb3 Ka6 35. Kc2 h5 36. Bd4 Bxd4 37. Nxd4 Ka5 38. Kb3 f6 39. Nf5 g5 40.
Nxd6 Be6+ 41. Kc3 Ka4 42. Nf5 g4 43. Ng7 Bf7 44. d4 h4 45. gxh4 g3 46. hxg3 f5
47. Nxf5 b4+ 48. axb4 Bc4 49. d5 Bb5 50. g4 Be2 51. g5 Bh5 52. d6 Be8 53. b3+
Ka3 54. g6 Bxg6 55. d7 Bxf5 56. d8=Q Bxe4 57. Qa5# 1-0

[Event "DEM U10 2011"]
[Site "Oberhof GER"]
[Date "2011.06.15"]
[Round "6"]
[White "Mätzkow, Maximilian Paul"]
[Black "Shen, Julian"]
[Result "1-0"]
[Termination "normal"]
[Board "7"]
[WhiteElo "1597"]
[BlackElo "1273"]
[PlyCount "93"]
[WhiteFideId "24679933"]
[BlackFideId "12942898"]
[EventCountry "GER"]
[EventRounds "11"]
[EventType "swiss"]
[EventDate "2011.06.11"]

1. d4 d5 2. Nf3 Nf6 3. e3 e6 4. Bd3 Be7 5. O-O O-O 6. Nbd2 Nbd7 7. c3 b6 8. e4
dxe4 9. Nxe4 Bb7 10. Qc2 Nxe4 11. Bxe4 Bxe4 12. Qxe4 Nf6 13. Qc2 Rc8 14. Rd1
Bd6 15. h3 Qe7 16. Bg5 h6 17. Be3 Nd5 18. Bd2 c5 19. Qa4 cxd4 20. Qxd4 Bc5 21.
Qg4 Kh8 22. Qh5 Qf6 23. c4 Nf4 24. Qg4 Nd3 25. Rf1 Nxb2 26. Rac1 Nd3 27. Rcd1
Ne5 28. Nxe5 Qxe5 29. Qh4 Bd6 30. g3 Qc5 31. Be3 Qb4 32. Bxh6 gxh6 33. Qxh6+
Kg8 34. Rd4 Rxc4 35. Qg5+ Kh7 36. Qh4+ Kg8 37. Rxc4 Qb2 38. Rg4+ Qg7 39. Rxg7+
Kxg7 40. Qd4+ Kg8 41. Qxd6 Rd8 42. Qxd8+ Kg7 43. Re1 a6 44. Re5 Kh6 45. Qf6+
Kh7 46. Rh5+ Kg8 47. Rh8# 1-0

[Event "DEM U10 2011"]
[Site "Oberhof GER"]
[Date "2011.06.15"]
[Round "6"]
[White "Tong, Kevin"]
[Black "Kölz, Niklas"]
[Result "1-0"]
[Termination "normal"]
[Board "8"]
[WhiteElo "1345"]
[BlackElo "1479"]
[PlyCount "55"]
[WhiteFideId "12913944"]
[BlackFideId "12971758"]
[EventCountry "GER"]
[EventRounds "11"]
[EventType "swiss"]
[EventDate "2011.06.11"]

1. e4 c5 2. Nf3 e6 3. d4 cxd4 4. Nxd4 a6 5. c4 Nf6 6. Nc3 Qc7 7. Be3 Bb4 8. Bd3
Bxc3+ 9. bxc3 O-O 10. O-O d6 11. f3 Nbd7 12. Rb1 Ne5 13. Qe2 Nfd7 14. f4 Nxd3
15. Qxd3 Nc5 16. Qc2 Bd7 17. f5 e5 18. Nb3 Bc6 19. Nxc5 dxc5 20. f6 Bd7 21. Qf2
Qc6 22. Qg3 g6 23. Qg5 Kh8 24. Qh4 Be6 25. Bh6 Rfe8 26. Bg7+ Kg8 27. Qh6 Qd6
28. Rbd1 1-0

[Event "DEM U10 2011"]
[Site "Oberhof GER"]
[Date "2011.06.15"]
[Round "6"]
[White "Reimann, Sebastian"]
[Black "Piskaykin, Bogdan"]
[Result "1/2-1/2"]
[Termination "normal"]
[Board "9"]
[WhiteElo "1442"]
[BlackElo "1329"]
[PlyCount "62"]
[WhiteFideId "12928054"]
[BlackFideId "12941212"]
[EventCountry "GER"]
[EventRounds "11"]
[EventType "swiss"]
[EventDate "2011.06.11"]

1. e4 c5 2. Nf3 d6 3. d4 cxd4 4. Nxd4 Nf6 5. Nc3 a6 6. Be2 e6 7. O-O Be7 8. f4
Qc7 9. Be3 Nc6 10. Kh1 O-O 11. Qe1 Nxd4 12. Bxd4 e5 13. Be3 exf4 14. Bxf4 Be6
15. Qg3 Rfd8 16. Rad1 Ne8 17. a3 Bf6 18. Rf3 Be5 19. Rfd3 Bxf4 20. Qxf4 Rd7 21.
R3d2 Rad8 22. Rd3 b5 23. Rg3 Kh8 24. Rf1 Kg8 25. Bg4 Bxg4 26. Rxg4 Qc4 27. Rf3
Kh8 28. Rh4 Nf6 29. Rfh3 Kg8 30. Qf2 Qc5 31. Qe1 Kf8 1/2-1/2

[Event "DEM U10 2011"]
[Site "Oberhof GER"]
[Date "2011.06.15"]
[Round "6"]
[White "Alekhanov, Jannis"]
[Black "Stobbe, Frederik"]
[Result "0-1"]
[Termination "normal"]
[Board "10"]
[WhiteElo "1398"]
[BlackElo "1105"]
[PlyCount "118"]
[WhiteFideId "12921238"]
[EventCountry "GER"]
[EventRounds "11"]
[EventType "swiss"]
[EventDate "2011.06.11"]

1. e4 e5 2. Bc4 Nf6 3. d3 Nc6 4. Nf3 Be7 5. O-O O-O 6. Bb3 d5 7. Re1 dxe4 8.
dxe4 Qxd1 9. Rxd1 Nxe4 10. Re1 Nf6 11. Nxe5 Nxe5 12. Rxe5 Bd6 13. Re1 Bf5 14.
Nc3 Bb4 15. a3 Bxc3 16. bxc3 Rfe8 17. Bf4 c6 18. f3 Nd5 19. Bd2 Rad8 20. c4 Nc7
21. Bf4 Ne6 22. Be3 c5 23. Ba4 Rf8 24. h4 h5 25. Rad1 Nd4 26. c3 Nc2 27. Rxd8
Rxd8 28. Bxc5 Nxe1 29. Bxa7 Ra8 30. Bf2 Rxa4 31. Bxe1 Rxc4 32. g3 Ra4 33. Bd2
Rxa3 34. Kf1 Ra2 35. Ke2 f6 36. Ke3 Kf7 37. Bc1 Ke6 38. Kd4 Rf2 39. Ke3 Rg2 40.
g4 Bxg4 41. fxg4 Rxg4 42. Kf3 Rxh4 43. Kg3 g5 44. Be3 Rc4 45. Bd4 Rxd4 46. cxd4
Kd5 47. Kf3 b5 48. Ke3 h4 49. Kf3 Kxd4 50. Ke2 g4 51. Kf2 b4 52. Ke2 b3 53. Kd2
h3 54. Kc1 h2 55. Kb2 h1=Q 56. Ka3 b2 57. Kxb2 Kc4 58. Ka2 Kc3 59. Ka3 Qa1# 0-1

[Event "DEM U10 2011"]
[Site "Oberhof GER"]
[Date "2011.06.15"]
[Round "6"]
[White "Reuker, Jari"]
[Black "Hoffmann, Jens"]
[Result "0-1"]
[Termination "normal"]
[Board "11"]
[WhiteElo "1647"]
[BlackElo "1327"]
[PlyCount "100"]
[WhiteFideId "12909300"]
[BlackFideId "12946320"]
[EventCountry "GER"]
[EventRounds "11"]
[EventType "swiss"]
[EventDate "2011.06.11"]

1. e4 e6 2. d4 d5 3. Nc3 Nf6 4. e5 Nfd7 5. f4 c5 6. Nf3 Nc6 7. Be3 Qb6 8. Na4
Qb4+ 9. c3 Qa5 10. dxc5 Nxc5 11. Bxc5 Bxc5 12. Nxc5 Qxc5 13. Nd4 Bd7 14. Be2
O-O 15. Rc1 f6 16. Nxc6 Bxc6 17. Qd4 Qxd4 18. cxd4 fxe5 19. fxe5 Rf4 20. Rd1
Raf8 21. Rf1 Re4 22. g3 Bb5 23. Rd2 Bxe2 24. Rxe2 Rxd4 25. Rxf8+ Kxf8 26. Kf2
Ke7 27. b3 Kd7 28. Kf3 a5 29. Kf2 a4 30. bxa4 Rxa4 31. Rb2 Ra7 32. Kg1 Kc7 33.
Rf2 b5 34. Kg2 Kb6 35. Rc2 b4 36. Kf3 Rc7 37. Rxc7 Kxc7 38. Ke3 Kc6 39. Kd4 Kb5
40. h3 Ka4 41. Kc5 Ka3 42. h4 d4 43. Kd6 d3 44. Kxe6 d2 45. Kf7 d1=Q 46. e6
Kxa2 47. e7 Qd7 48. Kf8 b3 49. e8=Q Qxe8+ 50. Kxe8 b2 0-1

[Event "DEM U10 2011"]
[Site "Oberhof GER"]
[Date "2011.06.15"]
[Round "6"]
[White "Kuhn, Magnus"]
[Black "Schirra, Maurice"]
[Result "1/2-1/2"]
[Termination "normal"]
[Board "13"]
[WhiteElo "1579"]
[BlackElo "1226"]
[PlyCount "52"]
[WhiteFideId "12926345"]
[BlackFideId "12941115"]
[EventCountry "GER"]
[EventRounds "11"]
[EventType "swiss"]
[EventDate "2011.06.11"]

1. e4 e5 2. Nf3 Nf6 3. Nxe5 d6 4. Nf3 Nxe4 5. d4 d5 6. Bd3 Bd6 7. O-O O-O 8. c4
c6 9. Nc3 Nf6 10. h3 Nbd7 11. Be3 Re8 12. Re1 dxc4 13. Bxc4 Nb6 14. Qb3 Be6 15.
Bxe6 Rxe6 16. Bg5 Rxe1+ 17. Rxe1 Rb8 18. Bxf6 Qxf6 19. d5 cxd5 20. Nxd5 Nxd5
21. Qxd5 Bf8 22. Qd2 Rd8 23. Qc2 Bd6 24. Rc1 Qe7 25. Re1 Qf6 26. Rc1 Qe7
1/2-1/2

[Event "DEM U10 2011"]
[Site "Oberhof GER"]
[Date "2011.06.15"]
[Round "6"]
[White "Laubrock, Paul"]
[Black "Riegel, Arinna"]
[Result "1-0"]
[Termination "normal"]
[Board "14"]
[WhiteElo "1546"]
[BlackElo "1118"]
[PlyCount "99"]
[WhiteFideId "1270509"]
[BlackFideId "12931446"]
[EventCountry "GER"]
[EventRounds "11"]
[EventType "swiss"]
[EventDate "2011.06.11"]

1. e4 e5 2. Bc4 Bc5 3. Nc3 Nf6 4. d3 Nc6 5. f4 d6 6. Nf3 Bg4 7. h3 Be6 8. Bxe6
fxe6 9. Na4 Bb4+ 10. c3 Ba5 11. b4 Bb6 12. Nxb6 axb6 13. fxe5 Nxe5 14. Nxe5
dxe5 15. O-O O-O 16. Bg5 h6 17. Bh4 Qe7 18. Qb3 Qf7 19. d4 exd4 20. e5 dxc3 21.
exf6 Rae8 22. Qxc3 Qg6 23. fxg7 Qxg7 24. Qxg7+ Kxg7 25. Rxf8 Rxf8 26. Rf1 Re8
27. Bf6+ Kh7 28. Be5 c6 29. g4 b5 30. Kg2 Rd8 31. Kg3 Rd3+ 32. Rf3 Rd2 33. a3
Rd5 34. Bb2 Rd2 35. Rf7+ Kg8 36. Rf2 Rd3+ 37. Rf3 Rd2 38. Bc1 Rd1 39. Bxh6 Kh7
40. g5 Rd8 41. Kg4 Re8 42. Kh5 e5 43. g6+ Kg8 44. g7 Kh7 45. Rf8 Rxf8 46.
gxf8=N+ Kg8 47. Kg6 e4 48. Nd7 e3 49. Nf6+ Kh8 50. Bg7# 1-0

[Event "DEM U10 2011"]
[Site "Oberhof GER"]
[Date "2011.06.15"]
[Round "6"]
[White "Rockmann, Jan-Okke"]
[Black "Hoffmann, Fabian"]
[Result "1-0"]
[Termination "normal"]
[Board "15"]
[WhiteElo "1294"]
[BlackElo "1424"]
[PlyCount "67"]
[WhiteFideId "12942111"]
[BlackFideId "12964891"]
[EventCountry "GER"]
[EventRounds "11"]
[EventType "swiss"]
[EventDate "2011.06.11"]

1. e4 e5 2. Nf3 Nc6 3. Bc4 Bc5 4. O-O d6 5. h3 Nf6 6. Nc3 O-O 7. d3 Be6 8. Bb3
h6 9. Be3 Bb6 10. Re1 Nd7 11. Na4 Bxb3 12. axb3 f5 13. exf5 Rxf5 14. Qe2 d5 15.
c3 Bxe3 16. Qxe3 Qe7 17. c4 Nb4 18. Qd2 a5 19. Nc3 c6 20. Na2 c5 21. Nxb4 cxb4
22. Qe3 Qd6 23. cxd5 Qxd5 24. Qe4 Qxe4 25. dxe4 Nc5 26. exf5 Nxb3 27. Rad1 a4
28. Nd2 Nxd2 29. Rxd2 a3 30. Ra1 Kf7 31. bxa3 Kf6 32. Rda2 bxa3 33. Rxa3 Rb8
34. Rb1 1-0

[Event "DEM U10 2011"]
[Site "Oberhof GER"]
[Date "2011.06.15"]
[Round "6"]
[White "Hausdorf, Lars"]
[Black "Muckle, Julius"]
[Result "0-1"]
[Termination "normal"]
[Board "16"]
[WhiteElo "1198"]
[BlackElo "1357"]
[PlyCount "128"]
[WhiteFideId "16200390"]
[BlackFideId "12942430"]
[EventCountry "GER"]
[EventRounds "11"]
[EventType "swiss"]
[EventDate "2011.06.11"]

1. e4 e5 2. f4 Bc5 3. Nf3 d6 4. Bc4 Nf6 5. d3 Nc6 6. Nc3 O-O 7. Qe2 Nd4 8. Nxd4
Bxd4 9. Be3 Bxe3 10. Qxe3 c6 11. O-O Ng4 12. Qg3 Qb6+ 13. Kh1 Qe3 14. Qxe3 Nxe3
15. Rf2 exf4 16. h3 Nxc4 17. dxc4 Be6 18. b3 g5 19. Rd1 Rad8 20. Rfd2 Rd7 21.
Rxd6 Rfd8 22. Rxd7 Rxd7 23. Rxd7 Bxd7 24. Kg1 Kg7 25. Kf2 Kf6 26. Ke2 Ke5 27.
Kd3 f5 28. exf5 Bxf5+ 29. Kd2 f3 30. gxf3 Bxh3 31. Ne2 h5 32. Ke3 Bf5 33. c3
Bb1 34. a3 h4 35. f4+ gxf4+ 36. Nxf4 Bc2 37. b4 Kf5 38. Kf3 Bd1+ 39. Ne2 Bxe2+
40. Kxe2 Ke4 41. Kf2 Kd3 42. Kg2 Kxc3 43. Kh3 Kxc4 44. Kxh4 Kb3 45. Kg3 Kxa3
46. Kf2 Kxb4 47. Ke3 Kb3 48. Kd4 a5 49. Kc5 a4 50. Kb6 a3 51. Kxb7 c5 52. Kc6
c4 53. Kd5 c3 54. Kd4 a2 55. Kd3 a1=Q 56. Kd4 c2+ 57. Kd5 c1=R 58. Ke4 Qf6 59.
Kd5 Rd1+ 60. Ke4 Re1+ 61. Kd5 Qd8+ 62. Kc6 Rc1+ 63. Kb7 Qc7+ 64. Ka8 Ra1# 0-1

[Event "DEM U10 2011"]
[Site "Oberhof GER"]
[Date "2011.06.15"]
[Round "6"]
[White "Meyling, Lennart"]
[Black "Silber, Kevin"]
[Result "1-0"]
[Termination "normal"]
[Board "17"]
[WhiteElo "1071"]
[BlackElo "1341"]
[PlyCount "83"]
[WhiteFideId "12947130"]
[BlackFideId "12930440"]
[EventCountry "GER"]
[EventRounds "11"]
[EventType "swiss"]
[EventDate "2011.06.11"]

1. e4 c6 2. d4 d5 3. e5 Bf5 4. Nc3 e6 5. g4 Bg6 6. Nge2 Bb4 7. h4 Be4 8. Rh2 h6
9. a3 Bxc3+ 10. Nxc3 Bh7 11. g5 Nd7 12. Be2 a6 13. Bh5 g6 14. Bg4 h5 15. Be2
Qc7 16. f4 O-O-O 17. Bd2 Ne7 18. Bd3 Rde8 19. a4 Kb8 20. Ne2 a5 21. b4 b6 22.
Rb1 Ka8 23. Kf2 Rb8 24. Qf1 Kb7 25. bxa5 Kc8 26. a6 Ra8 27. Qc1 Nb8 28. Qb2
Nxa6 29. Qxb6 Qxb6 30. Rxb6 Nb8 31. Bb4 Nf5 32. Bxf5 gxf5 33. Bd6 Nd7 34. Rxc6+
Kd8 35. Nc3 Rc8 36. Rxc8+ Kxc8 37. Rh1 Kb7 38. Rb1+ Ka6 39. Nb5 Rc8 40. Nc7+
Ka5 41. Ke3 Kxa4 42. Ra1# 1-0

[Event "DEM U10 2011"]
[Site "Oberhof GER"]
[Date "2011.06.15"]
[Round "6"]
[White "Wong, Gengchun"]
[Black "Ackermann, Constantin"]
[Result "1-0"]
[Termination "normal"]
[Board "18"]
[WhiteElo "1337"]
[BlackElo "1103"]
[PlyCount "65"]
[WhiteFideId "12963283"]
[EventCountry "GER"]
[EventRounds "11"]
[EventType "swiss"]
[EventDate "2011.06.11"]

1. e4 e5 2. Nf3 Nc6 3. Bb5 a6 4. Bxc6 dxc6 5. O-O Bg4 6. h3 h5 7. d3 Qf6 8.
Nbd2 Ne7 9. Re1 Ng6 10. d4 Nf4 11. hxg4 hxg4 12. g3 gxf3 13. Qxf3 Rh3 14. dxe5
Qh6 15. Nc4 g5 16. Bxf4 gxf4 17. Rad1 Bc5 18. e6 fxe6 19. Ne5 Qg5 20. Kg2 Rh5
21. Qxf4 Qxe5 22. Qg4 Rg5 23. Qh4 Rh5 24. Qg4 Rg5 25. Qh3 Qf6 26. f4 Qxf4 27.
Qh8+ Ke7 28. Qh7+ Ke8 29. Qh8+ Ke7 30. Qh7+ Qf7 31. Rd7+ Kxd7 32. Qxf7+ Kc8 33.
Qe8# 1-0

[Event "DEM U10 2011"]
[Site "Oberhof GER"]
[Date "2011.06.15"]
[Round "6"]
[White "Pajeken, Jakob Leon"]
[Black "Shoipov, Dennie"]
[Result "0-1"]
[Termination "normal"]
[Board "19"]
[WhiteElo "915"]
[BlackElo "1336"]
[PlyCount "106"]
[WhiteFideId "12942839"]
[BlackFideId "14137755"]
[EventCountry "GER"]
[EventRounds "11"]
[EventType "swiss"]
[EventDate "2011.06.11"]

1. e4 e5 2. Nf3 Nc6 3. Bc4 Bc5 4. O-O Nf6 5. d4 Nxd4 6. Nxe5 O-O 7. c3 Nc6 8.
Nxc6 dxc6 9. Bg5 Qxd1 10. Rxd1 Nxe4 11. Bf4 Nxf2 12. Rf1 Nh3+ 13. Kh1 Nxf4 14.
Rxf4 Bd6 15. Rf2 Be6 16. Nd2 b5 17. Bxe6 fxe6 18. Re2 Rf6 19. Ne4 Rh6 20. h3
Rg6 21. Rae1 Re8 22. Rd1 e5 23. Rc1 c5 24. b4 c4 25. Rd1 Rd8 26. Nc5 Kf7 27.
Kg1 Ke7 28. Kf2 Bxc5+ 29. Ke1 Rxd1+ 30. Kxd1 Bd6 31. Kd2 Rg3 32. a3 Rd3+ 33.
Kc2 Ke6 34. Re1 c5 35. Re2 Kd5 36. Re1 e4 37. h4 Be5 38. bxc5 Rxc3+ 39. Kd2 e3+
40. Ke2 Kxc5 41. h5 a6 42. h6 gxh6 43. g3 Rxa3 44. Rd1 b4 45. g4 Bd4 46. g5
hxg5 47. Rd3 cxd3+ 48. Kf3 d2 49. Ke2 Ra1 50. Kd3 d1=Q+ 51. Ke4 Qg4+ 52. Kd3
Ra3+ 53. Kc2 Qe2+ 0-1

[Event "DEM U10 2011"]
[Site "Oberhof GER"]
[Date "2011.06.15"]
[Round "6"]
[White "Fieberg, Samuel"]
[Black "Köhler, Inken"]
[Result "1-0"]
[Termination "normal"]
[Board "20"]
[WhiteElo "1762"]
[BlackElo "1079"]
[PlyCount "101"]
[WhiteFideId "12901717"]
[BlackFideId "12929301"]
[EventCountry "GER"]
[EventRounds "11"]
[EventType "swiss"]
[EventDate "2011.06.11"]

1. e4 e5 2. Nf3 Nc6 3. Bc4 Nf6 4. d3 Bc5 5. c3 d5 6. exd5 Nxd5 7. Qb3 Be6 8.
Qxb7 Nde7 9. Qb5 Bxc4 10. Qxc4 Qd5 11. Qxd5 Nxd5 12. O-O O-O 13. b4 Bb6 14. Ba3
Rfe8 15. b5 Na5 16. c4 Bxf2+ 17. Rxf2 Nf4 18. Bb4 Nb7 19. Nxe5 Nh3+ 20. gxh3
Rxe5 21. Nc3 a6 22. Raf1 f6 23. a4 Re3 24. Rf3 Rae8 25. bxa6 Rxf3 26. axb7
Rxf1+ 27. Kxf1 Rb8 28. a5 Rxb7 29. Bc5 Kf7 30. a6 Rb8 31. a7 Ra8 32. Nb5 c6 33.
Nc7 Rxa7 34. Bxa7 Ke7 35. d4 Kd7 36. Bb6 Kd6 37. d5 cxd5 38. cxd5 Kd7 39. Ke2
Kd6 40. Ke3 Ke7 41. Bc5+ Kd7 42. d6 Kc6 43. Ne6 g6 44. Nf8 f5 45. d7 f4+ 46.
Kxf4 g5+ 47. Ke5 g4 48. d8=Q Kb5 49. Kd5 gxh3 50. Qb6+ Ka4 51. Qb4# 1-0

[Event "DEM U10 2011"]
[Site "Oberhof GER"]
[Date "2011.06.15"]
[Round "6"]
[White "Heckmann, Till"]
[Black "Fromm, Katja"]
[Result "0-1"]
[Termination "normal"]
[Board "21"]
[WhiteElo "1157"]
[BlackElo "1401"]
[PlyCount "62"]
[WhiteFideId "12987093"]
[BlackFideId "12929409"]
[EventCountry "GER"]
[EventRounds "11"]
[EventType "swiss"]
[EventDate "2011.06.11"]

1. e4 c6 2. d4 d5 3. Nc3 dxe4 4. Nxe4 Bf5 5. Ng3 Bg6 6. f4 h6 7. Nf3 Nd7 8. Bc4
e6 9. O-O Bd6 10. f5 Bxg3 11. hxg3 Bxf5 12. Qe2 Ngf6 13. Ne5 Nxe5 14. Qxe5 O-O
15. c3 Rc8 16. Bf4 Qb6 17. b4 Nd5 18. Bxd5 cxd5 19. Rac1 Rc4 20. Qe3 Rfc8 21.
Rf3 Be4 22. Rf2 Qa6 23. Be5 Qa3 24. Qf4 f5 25. g4 Rxc3 26. Re1 Rc1 27. Rff1
Rxe1 28. Rxe1 Qxa2 29. Qf2 Rc2 30. Qf1 Rxg2+ 31. Kh1 Rxg4+ 0-1

[Event "DEM U10 2011"]
[Site "Oberhof GER"]
[Date "2011.06.15"]
[Round "6"]
[White "Kopylov, Daniel"]
[Black "Schneider, Jana"]
[Result "0-1"]
[Termination "normal"]
[Board "22"]
[WhiteElo "1130"]
[BlackElo "1347"]
[PlyCount "120"]
[WhiteFideId "12921971"]
[BlackFideId "12924997"]
[EventCountry "GER"]
[EventRounds "11"]
[EventType "swiss"]
[EventDate "2011.06.11"]

1. d4 d5 2. c4 e6 3. Nc3 Be7 4. Nf3 Nf6 5. Bg5 h6 6. Bh4 O-O 7. e3 b6 8. Bd3
Bb7 9. O-O c5 10. Rc1 Ne4 11. Bxe7 Qxe7 12. cxd5 exd5 13. Bxe4 dxe4 14. Ne5
cxd4 15. exd4 Rd8 16. Re1 Nd7 17. Nxd7 Qxd7 18. Nxe4 Qxd4 19. Qxd4 Rxd4 20. Ng3
Rad8 21. h3 Rd2 22. Rc7 R2d7 23. Re7 Rxe7 24. Rxe7 Rd1+ 25. Kh2 Bc6 26. Rxa7
Rd2 27. Nf5 Be4 28. Ng3 Bc6 29. f3 Rxb2 30. Nf5 Bxf3 31. Nh4 Bd5 32. Rd7 Bxa2
33. Nf3 Be6 34. Rd8+ Kh7 35. Nd4 Bc4 36. Kg3 Rd2 37. Kf3 Rd3+ 38. Ke4 Rd2 39.
g4 Rh2 40. Rc8 b5 41. Rc5 Rxh3 42. Nxb5 Bxb5 43. Rxb5 Rh4 44. Kf3 g5 45. Kg3
Kg6 46. Rb6+ f6 47. Rb5 h5 48. Rb4 Rxg4+ 49. Rxg4 hxg4 50. Kxg4 f5+ 51. Kf3 g4+
52. Kf4 Kh5 53. Kg3 f4+ 54. Kg2 f3+ 55. Kg3 Kg5 56. Kf2 Kf4 57. Kg1 Ke3 58. Kf1
f2 59. Kg2 Ke2 60. Kg3 f1=Q 0-1